000 00196nam a2200085Ia 4500
008 120527s9999 xx 000 0 und d
100 _aUnderwood, J
245 _aExperimental psychology
942 _cBK
999 _c27514
_d27514